[Event "Lipetsk-ch"]
[Site "Lipetsk"]
[Date "2008.03.20"]
[Round "1"]
[White "Ruchkin, Ivan"]
[Black "Malenkov, Yuriy"]
[Result "0-1"]
[WhiteElo "2189"]
[BlackElo "1933"]
[PlyCount "91"]
[EventDate "2008.03.20"]
[EventType "swiss"]
[EventRounds "9"]
[EventCountry "RUS"]
[SourceTitle "EXT 2022"]
[Source "ChessBase"]
[SourceDate "2021.10.06"]
[SourceVersion "1"]
[SourceVersionDate "2021.10.06"]
[SourceQuality "1"]

1. e4 e6 2. d4 d5 3. Nc3 Bb4 4. e5 Qd7 5. Qg4 f5 6. Qg3 b6 7. Bd2 Bf8 8. Nf3 Ne7 9. Ng5 h6 10. Nh3 Ba6 11. Nf4 Bxf1 12. Rxf1 Na6 13. a3 c6 14. Qd3 Nc7 15. b4 g5 16. Nh5 Ng8 17. g4 0-0-0 18. h3 Be7 19. f4 Rf8 20. Ke2 Rh7 21. a4 Rhf7 22. b5 c5 23. a5 c4 24. Qg3 Kb7 25. Ra2 fxg4 26. hxg4 Bb4 27. axb6 axb6 28. Ne4 Be7 29. Nef6 Nxf6 30. exf6 Bxf6 31. Bb4 Be7 32. Bxe7 Qxe7 33. Rfa1 Nxb5 34. Qe3 gxf4 35. Qh3 Nxd4+ 36. Kf2 Qc5 37. Ra7+ Kc6 38. Kg2 Rxa7 39. Rxa7 f3+ 40. Kf1 Nxc2 41. g5 Ne3+ 42. Kf2 Nd1+ 43. Ke1 f2+ 44. Kd2 Qd4+ 45. Kc2 Qb2+ 46. Kxd1 0-1

[Event "Lipetsk City-ch"]
[Site "Lipetsk"]
[Date "2007.08.22"]
[Round "9"]
[White "Geranichev, Mikhail"]
[Black "Malenkov, Yuriy"]
[Result "1-0"]
[WhiteElo "1647"]
[BlackElo "1972"]
[PlyCount "79"]
[EventDate "2007.08.14"]
[EventType "swiss"]
[EventRounds "9"]
[EventCountry "RUS"]
[SourceTitle "EXT 2009"]
[Source "ChessBase"]
[SourceDate "2008.11.26"]
[SourceVersion "1"]
[SourceVersionDate "2008.11.26"]
[SourceQuality "1"]

1. e4 e6 2. d4 d5 3. Nd2 Nf6 4. e5 Nfd7 5. Bd3 b6 6. Ne2 c5 7. c3 Ba6 8. Bc2 Nc6 9. Nf3 Qc7 10. 0-0 Rc8 11. Bb1 cxd4 12. cxd4 Ndb8 13. Bd2 Qd7 14. Re1 Be7 15. a3 Na5 16. Bc2 Nc4 17. Bd3 0-0 18. Rc1 Rc7 19. Nf4 g6 20. h4 Rfc8 21. Bxc4 Rxc4 22. Re3 Bf8 23. Ng5 R4c7 24. Rg3 Nc6 25. h5 Ne7 26. Qf3 Bg7 27. Rh3 Nf5 28. hxg6 hxg6 29. Re1 Rc4 30. Qg4 Qe7 31. Ngxe6 fxe6 32. Qxg6 Qf7 33. Qh7+ Kf8 34. Nxe6+ Qxe6 35. Rf3 R8c7 36. Rxf5+ Rf7 37. g4 Ke8 38. Qg8+ Bf8 39. Re3 Rc6 40. Rf6 1-0

[Event "Lipetsk City-ch"]
[Site "Lipetsk"]
[Date "2007.08.20"]
[Round "7"]
[White "Malenkov, Yuriy"]
[Black "Dulin, Anatoliy"]
[Result "0-1"]
[WhiteElo "1972"]
[BlackElo "2015"]
[PlyCount "90"]
[EventDate "2007.08.14"]
[EventType "swiss"]
[EventRounds "9"]
[EventCountry "RUS"]
[SourceTitle "EXT 2009"]
[Source "ChessBase"]
[SourceDate "2008.11.26"]
[SourceVersion "1"]
[SourceVersionDate "2008.11.26"]
[SourceQuality "1"]

1. Nf3 d5 2. g3 Nf6 3. Bg2 e6 4. 0-0 Bd6 5. d3 0-0 6. c3 c5 7. Qc2 Qc7 8. a3 Nc6 9. Re1 h6 10. Nbd2 e5 11. e4 d4 12. Nc4 Be7 13. a4 Be6 14. Nh4 Qd7 15. Nf5 Rfd8 16. Nxe7+ Qxe7 17. f4 Nd7 18. f5 Bxc4 19. dxc4 Nf8 20. Rf1 Rd6 21. Bd2 Rad8 22. Rad1 Nh7 23. Be1 Qd7 24. Rb1 b6 25. h4 Nf6 26. Bf3 h5 27. Qb3 dxc3 28. bxc3 Na5 29. Qa2 Rd3 30. Rb5 Qb7 31. Be2 R3d6 32. Qc2 Qxe4 33. Qa2 Ng4 34. Bxg4 hxg4 35. Rb2 Nxc4 36. Re2 Qd3 37. f6 Rxf6 38. Rxf6 gxf6 39. Rf2 Kg7 40. Rf1 Nd2 41. Bxd2 Qxd2 42. Qc4 Qe3+ 43. Rf2 Qxg3+ 44. Kf1 Qd3+ 45. Qxd3 Rxd3 0-1

[Event "Lipetsk City-ch"]
[Site "Lipetsk"]
[Date "2007.08.15"]
[Round "2"]
[White "Malenkov, Yuriy"]
[Black "Volobuev, Sergey"]
[Result "0-1"]
[WhiteElo "1972"]
[BlackElo "1849"]
[PlyCount "74"]
[EventDate "2007.08.14"]
[EventType "swiss"]
[EventRounds "9"]
[EventCountry "RUS"]
[SourceTitle "EXT 2009"]
[Source "ChessBase"]
[SourceDate "2008.11.26"]
[SourceVersion "1"]
[SourceVersionDate "2008.11.26"]
[SourceQuality "1"]

1. Nf3 g6 2. g3 Bg7 3. Bg2 c5 4. 0-0 Nc6 5. d3 d5 6. c3 Nf6 7. Qc2 0-0 8. Re1 d4 9. Nbd2 Nd5 10. Ne4 b6 11. cxd4 Nxd4 12. Nxd4 cxd4 13. Bd2 Bb7 14. Bh3 h6 15. Bc1 e6 16. Qa4 Nf6 17. Nxf6+ Qxf6 18. Bd2 Qe5 19. Qd7 Qd5 20. Qxd5 Bxd5 21. Rec1 Rfc8 22. a3 h5 23. Bg2 Bxg2 24. Kxg2 Kf8 25. h3 Ke7 26. g4 hxg4 27. hxg4 Kd7 28. g5 a6 29. Kf3 Rxc1 30. Rxc1 Rh8 31. b4 b5 32. Rc2 Rc8 33. Rxc8 Kxc8 34. Ke4 Kd7 35. Bf4 Kc6 36. Be5 Bf8 37. Bxd4 a5 0-1